[Event "Barcelona Sant Marti op 10th"]
[Site "Barcelona"]
[Date "2023.02.16"]
[Round "6"]
[White "Morales Montalban, Miguel"]
[Black "Munoz Pantoja, Miguel Angel"]
[Result "0-1"]
[WhiteElo "1958"]
[BlackElo "2359"]
[PlyCount "156"]
[EventDate "2023.01.12"]
[EventType "swiss"]
[EventRounds "9"]
[EventCountry "ESP"]
[SourceTitle "CBM 213 Extra"]
[Source "ChessBase"]
[SourceDate "2023.05.31"]
[SourceVersion "1"]
[SourceVersionDate "2023.05.31"]
[SourceQuality "1"]

1. Nf3 c5 2. g3 Nc6 3. Bg2 g6 4. 0-0 Bg7 5. e4 d6 6. c3 e5 7. d3 Nge7 8. Na3 0-0 9. Bg5 h6 10. Be3 f5 11. Qd2 g5 12. exf5 Nxf5 13. Qe2 Be6 14. d4 cxd4 15. cxd4 e4 16. Nd2 d5 17. Nb3 Nfxd4 18. Nxd4 Nxd4 19. Bxd4 Bxd4 20. Rad1 Qf6 21. b3 Rad8 22. Nc2 Bb6 23. Qd2 Bg4 24. Rde1 Bf3 25. Bxf3 Qxf3 26. Nd4 Qf6 27. Rd1 Bxd4 28. Qxd4 Qxd4 29. Rxd4 Kf7 30. Rc1 Ke6 31. Rc7 Rf7 32. Rxf7 Kxf7 33. f3 exf3 34. Kf2 Ke6 35. Kxf3 Ke5 36. Rd2 h5 37. Ke3 Rf8 38. Re2 b5 39. Kd3+ Kd6 40. b4 Rf3+ 41. Kd4 h4 42. gxh4 Rf4+ 43. Kd3 Rxh4 44. Rb2 Ke5 45. Rg2 Rd4+ 46. Ke3 g4 47. a3 Rf4 48. Rg3 d4+ 49. Ke2 Kd5 50. h3 gxh3 51. Rxh3 Kc4 52. Rh7 d3+ 53. Ke3 Rf5 54. Rc7+ Kb3 55. Kxd3 Kxa3 56. Rxa7+ Kxb4 57. Kc2 Rf2+ 58. Kc1 Kb3 59. Rb7 b4 60. Rb8 Rc2+ 61. Kb1 Rh2 62. Kc1 Rh1+ 63. Kd2 Ka3 64. Kc2 Rh2+ 65. Kb1 Ka4 66. Kc1 Ka3 67. Kb1 Rh4 68. Ra8+ Kb3 69. Kc1 Rh1+ 70. Kd2 Kb2 71. Rb8 b3 72. Kd3 Rc1 73. Kd2 Rc7 74. Kd3 Ka2 75. Ra8+ Kb1 76. Rb8 b2 77. Rh8 Ra7 78. Rh1+ Ka2 0-1

[Event "Barcelona Tupinamba op-A 14th"]
[Site "Barcelona"]
[Date "2019.06.05"]
[Round "9.8"]
[White "Morales Montalban, Miguel"]
[Black "Garcia Ruiz, Adrian"]
[Result "1-0"]
[WhiteElo "1953"]
[BlackElo "1882"]
[PlyCount "97"]
[EventDate "2019.03.27"]
[EventType "swiss"]
[EventRounds "9"]
[EventCountry "ESP"]
[SourceTitle "EXT 2024"]
[Source "ChessBase"]
[SourceDate "2023.10.10"]
[SourceVersion "1"]
[SourceVersionDate "2023.10.10"]
[SourceQuality "1"]

1. d4 Nf6 2. Nf3 d5 3. c4 e6 4. Bg5 dxc4 5. Nc3 Bb4 6. Qa4+ Nc6 7. Bxf6 Qxf6 8. Ne5 0-0 9. Nxc6 Bxc3+ 10. bxc3 Bd7 11. Ne7+ Qxe7 12. Qxc4 c5 13. Qxc5 Qxc5 14. dxc5 Rfc8 15. e3 Rxc5 16. c4 Bc6 17. f3 Rd8 18. Be2 b6 19. Kf2 Kf8 20. Rhd1 Rxd1 21. Rxd1 Ke7 22. Rd2 Bb7 23. Bd3 Ba6 24. Rc2 Kd6 25. Ke1 Re5 26. c5+ Rxc5 27. Rxc5 Bxd3 28. Rc3 Bb5 29. Kd2 Bc6 30. e4 e5 31. Ke3 a5 32. g3 b5 33. Ra3 a4 34. Rc3 Bd7 35. f4 Be6 36. a3 Bc4 37. Kd2 f6 38. Rc1 h6 39. f5 Kc5 40. Kc3 Be2 41. Re1 Bf3 42. Re3 Bg2 43. Re2 Bf3 44. Re1 Bg2 45. Kd3 b4 46. Rc1+ Kb5 47. axb4 Kxb4 48. Rb1+ Ka3 49. Kc3 1-0

[Event "Barcelona Sant Marti op 8th"]
[Site "Barcelona"]
[Date "2019.01.24"]
[Round "2"]
[White "Cabot Muntane, Jordi"]
[Black "Morales Montalban, Miguel"]
[Result "1/2-1/2"]
[WhiteElo "1861"]
[BlackElo "1953"]
[PlyCount "126"]
[EventDate "2019.01.17"]
[EventType "swiss"]
[EventRounds "9"]
[EventCountry "ESP"]
[SourceTitle "CBM 189 Extra"]
[Source "ChessBase"]
[SourceDate "2019.06.03"]
[SourceVersion "1"]
[SourceVersionDate "2019.06.03"]
[SourceQuality "1"]

1. d4 c5 2. c3 Nf6 3. Nf3 g6 4. Bf4 Bg7 5. e3 0-0 6. h3 d6 7. Be2 Nfd7 8. Bg3 Nc6 9. Nbd2 Rb8 10. a4 a6 11. 0-0 b5 12. axb5 axb5 13. dxc5 Nxc5 14. Nd4 Nxd4 15. exd4 Ne6 16. b4 Nc7 17. Ra5 Nd5 18. Qb3 Be6 19. Rfa1 Qc7 20. R1a3 Rfc8 21. Ne4 h6 22. Nc5 Nf4 23. Nxe6 Nxe2+ 24. Kh2 Qxc3 25. Qxc3 Rxc3 26. Rxc3 Nxc3 27. Nxg7 Kxg7 28. Bf4 Rb7 29. Bd2 Ne4 30. Be1 d5 31. f3 Nd6 32. g4 Nc4 33. Ra8 Rb6 34. Rc8 Re6 35. Bf2 Re2 36. Kg3 Rb2 37. Rc5 Rxb4 38. Rxd5 Rb2 39. Rd7 Re2 40. f4 f5 41. Kf3 Re4 42. d5 Kf7 43. Bc5 Ke8 44. Rb7 Nd2+ 45. Kg3 Rc4 46. Bxe7 Ne4+ 47. Kf3 Rc3+ 48. Ke2 Rc2+ 49. Kd1 Rd2+ 50. Kc1 Rxd5 51. Ba3 Rd3 52. Bb2 Rd5 53. Rh7 fxg4 54. hxg4 h5 55. gxh5 gxh5 56. Be5 Ng3 57. Kb2 Rd2+ 58. Kb3 Rd7 59. Rh8+ Ke7 60. f5 Nxf5 61. Rxh5 Ke6 62. Bc3 Rd5 63. Rh8 Kd7 1/2-1/2

[Event "Cornella Pinol Memorial 6th"]
[Site "Cornella de Llobregat"]
[Date "2018.11.19"]
[Round "9"]
[White "Costa Trave, Jaume"]
[Black "Morales Montalban, Miguel"]
[Result "0-1"]
[WhiteElo "1768"]
[BlackElo "1956"]
[PlyCount "102"]
[EventDate "2018.09.24"]
[EventType "swiss"]
[EventRounds "9"]
[EventCountry "ESP"]
[SourceTitle "CBM 187 Extra"]
[Source "ChessBase"]
[SourceDate "2018.11.04"]
[SourceVersion "1"]
[SourceVersionDate "2018.11.04"]
[SourceQuality "1"]

1. f4 c5 2. Nf3 Nc6 3. e3 g6 4. d4 d5 5. c3 Bg7 6. Bd3 Nf6 7. 0-0 0-0 8. Qe1 Bf5 9. Bxf5 gxf5 10. Ng5 Ne4 11. Qh4 h6 12. Nh3 e6 13. Qh5 Nf6 14. Qe2 b6 15. Bd2 Ne7 16. Be1 Ng6 17. Nd2 a5 18. Nf3 Qc8 19. Ne5 Qa6 20. Qc2 b5 21. Nf2 cxd4 22. exd4 Nxf4 23. Nfd3 Nxd3 24. Qxd3 Qb7 25. Bd2 b4 26. Rf3 bxc3 27. bxc3 Ne4 28. Rb1 Qa7 29. Kh1 Bxe5 30. dxe5 Nf2+ 31. Rxf2 Qxf2 32. Bxh6 Rfb8 33. Rf1 Qh4 34. Qe3 Rb2 35. h3 Kh7 36. Bg5 Qh5 37. Bf6 Qe2 38. Qxe2 Rxe2 39. g4 Rb8 40. gxf5 Rbb2 41. Rd1 Rh2+ 42. Kg1 Rbg2+ 43. Kf1 Rxa2 44. Kg1 Rag2+ 45. Kf1 Rh1+ 46. Kxg2 Rxd1 47. fxe6 fxe6 48. Kf3 Rd3+ 49. Ke2 Rxc3 50. h4 a4 51. Kd2 d4 0-1

[Event "Barcelona Gotic op 2nd"]
[Site "Barcelona"]
[Date "2018.06.05"]
[Round "6"]
[White "Morales Montalban, Miguel"]
[Black "Arroyo Mateo, Jose Miguel"]
[Result "1-0"]
[WhiteElo "1923"]
[BlackElo "1837"]
[PlyCount "67"]
[EventDate "2018.04.24"]
[EventType "swiss"]
[EventRounds "8"]
[EventCountry "ESP"]
[SourceTitle "EXT 2019"]
[Source "ChessBase"]
[SourceDate "2018.10.10"]
[SourceVersion "1"]
[SourceVersionDate "2018.10.10"]
[SourceQuality "1"]

1. e4 d6 2. d4 Nf6 3. Nc3 c6 4. g3 g6 5. Bg2 Bg7 6. Nge2 0-0 7. 0-0 e5 8. h3 Be6 9. a4 Qc8 10. Kh2 Bc4 11. Re1 Re8 12. Be3 Na6 13. Qd2 Nb4 14. f4 Nh5 15. g4 exf4 16. Nxf4 Nxf4 17. Bxf4 Qd7 18. Nd1 a5 19. Ne3 d5 20. e5 Rac8 21. g5 c5 22. Ng4 cxd4 23. Nf6+ Bxf6 24. gxf6 Qf5 25. Bg3 g5 26. Rac1 Nc6 27. b3 Ba6 28. Bxd5 Nxe5 29. Qg2 Qxf6 30. Rf1 Bxf1 31. Rxf1 Qe7 32. Rf5 Qc5 33. Bxe5 Rxe5 34. Qxg5+ 1-0

[Event "Barcelona Sant Marti op 7th"]
[Site "Barcelona"]
[Date "2018.01.11"]
[Round "1"]
[White "Rodriguez Guillen, Carlos"]
[Black "Morales Montalban, Miguel"]
[Result "0-1"]
[WhiteElo "1721"]
[BlackElo "2035"]
[PlyCount "90"]
[EventDate "2018.01.11"]
[EventType "swiss"]
[EventRounds "9"]
[EventCountry "ESP"]
[SourceTitle "EXT 2019"]
[Source "ChessBase"]
[SourceDate "2018.10.10"]
[SourceVersion "1"]
[SourceVersionDate "2018.10.10"]
[SourceQuality "1"]

1. e4 c5 2. Nf3 Nc6 3. d4 cxd4 4. Nxd4 Nf6 5. Nc3 e5 6. Ndb5 d6 7. Bg5 a6 8. Na3 b5 9. Nd5 Be7 10. Nxf6+ Bxf6 11. Bxf6 Qxf6 12. c3 0-0 13. Nc2 Bb7 14. Bd3 Ne7 15. Ne3 Rfd8 16. 0-0 Ng6 17. g3 Ne7 18. Qg4 Bc8 19. Qh5 g6 20. Ng4 Qe6 21. Nh6+ Kg7 22. Qg5 f6 23. Qh4 Qh3 24. Nf5+ Bxf5 25. exf5 Qxh4 26. gxh4 gxf5 27. f3 d5 28. Kf2 Kf7 29. Rg1 Rg8 30. h5 Ke6 31. Rg3 e4 32. Re1 Ke5 33. Bc2 Rac8 34. Reg1 f4 35. Rg7 Rxg7 36. Rxg7 Nf5 37. Rxh7 b4 38. h6 bxc3 39. b3 Nd4 40. Rg7 e3+ 41. Kf1 e2+ 42. Ke1 Nxc2+ 43. Kxe2 Nd4+ 44. Kd3 c2 45. Re7+ Ne6 0-1

[Event "Cornella Pinol Memorial 5th"]
[Site "Cornella de Llobregat"]
[Date "2017.11.06"]
[Round "7"]
[White "Vallbona Domingo, Joan"]
[Black "Morales Montalban, Miguel"]
[Result "1/2-1/2"]
[WhiteElo "1889"]
[BlackElo "2044"]
[PlyCount "35"]
[EventDate "2017.09.25"]
[EventType "swiss"]
[EventRounds "9"]
[EventCountry "ESP"]
[SourceTitle "CBM 181 Extra"]
[Source "ChessBase"]
[SourceDate "2017.12.12"]
[SourceVersion "1"]
[SourceVersionDate "2017.12.12"]
[SourceQuality "1"]

1. d4 Nf6 2. Nf3 b6 3. g3 Bb7 4. Bg2 e6 5. 0-0 Be7 6. c4 0-0 7. Nc3 Ne4 8. Qc2 Nxc3 9. Qxc3 Be4 10. Rd1 Bf6 11. Be3 Qe7 12. Qd2 d6 13. Rac1 Rd8 14. Bg5 Nd7 15. Qf4 Bxg5 16. Qxg5 Qxg5 17. Nxg5 Bxg2 18. Kxg2 1/2-1/2

[Event "Barcelona Primavera La Lira op 10th"]
[Site "Barcelona"]
[Date "2017.05.25"]
[Round "6"]
[White "Farre Buil, Carles"]
[Black "Morales Montalban, Miguel"]
[Result "1/2-1/2"]
[WhiteElo "1862"]
[BlackElo "2074"]
[PlyCount "81"]
[EventDate "2017.04.20"]
[EventType "swiss"]
[EventRounds "9"]
[EventCountry "ESP"]
[SourceTitle "EXT 2018"]
[Source "ChessBase"]
[SourceDate "2017.10.13"]
[SourceVersion "1"]
[SourceVersionDate "2017.10.13"]
[SourceQuality "1"]

1. e4 c5 2. d4 cxd4 3. c3 dxc3 4. Nxc3 d6 5. Bc4 Nc6 6. Nf3 Nf6 7. e5 dxe5 8. Qxd8+ Nxd8 9. Nb5 Rb8 10. Nxe5 e6 11. Nc7+ Ke7 12. Nb5 a6 13. Nd4 Nd7 14. Bf4 Nxe5 15. Bxe5 Ra8 16. 0-0 f6 17. Bc7 Bd7 18. Rfe1 Rc8 19. Bxd8+ Kxd8 20. Nxe6+ Bxe6 21. Bxe6 Rc2 22. Rad1+ Kc7 23. Rc1 Rc5 24. Bf7 Rxc1 25. Rxc1+ Kd7 26. Bd5 b6 27. Bb7 a5 28. Rc8 g6 29. Kf1 Bg7 30. Rxh8 Bxh8 31. Ke2 Kd6 32. Kd3 f5 33. b3 Be5 34. h3 Bb2 35. a4 Ke5 36. Ba6 Kf4 37. Bc4 Ba3 38. Ke2 Bc5 39. f3 g5 40. Kf1 h5 41. Be2 1/2-1/2

[Event "Barcelona La Lira op 35th"]
[Site "Barcelona"]
[Date "2017.02.24"]
[Round "6"]
[White "Morales Montalban, Miguel"]
[Black "Asensio Linan, Teodoro"]
[Result "1/2-1/2"]
[WhiteElo "2122"]
[BlackElo "2113"]
[PlyCount "86"]
[EventDate "2017.01.20"]
[EventType "swiss"]
[EventRounds "8"]
[EventCountry "ESP"]
[SourceTitle "EXT 2018"]
[Source "ChessBase"]
[SourceDate "2017.10.13"]
[SourceVersion "1"]
[SourceVersionDate "2017.10.13"]
[SourceQuality "1"]

1. c4 Nf6 2. Nc3 g6 3. e4 d6 4. d4 Bg7 5. Be2 0-0 6. Nf3 Nbd7 7. 0-0 e5 8. d5 Nc5 9. Qc2 a5 10. Bg5 h6 11. Bh4 g5 12. Bg3 Nh5 13. Nd2 Nf4 14. Rfe1 Bd7 15. Bf1 Qe8 16. f3 c6 17. Bf2 cxd5 18. cxd5 b5 19. a4 Nxa4 20. Nxa4 bxa4 21. Nc4 Qb8 22. Nb6 Ra7 23. Nxd7 Rxd7 24. Rxa4 Rb7 25. Rb1 Rc8 26. Qd2 Rbc7 27. Qxa5 Rc1 28. Raa1 Ne2+ 29. Kh1 Rxb1 30. Rxb1 Nc3 31. Re1 Qxb2 32. Kg1 Qd2 33. Qa1 Qc2 34. Be3 Qb3 35. Kh1 Rb8 36. Qa6 Bf8 37. Qc4 Qa3 38. Qa6 Qb3 39. Bc4 Qc2 40. Bd3 Qb2 41. Qa1 Qb3 42. Qa6 Nd1 43. Bg1 Nc3 1/2-1/2

[Event "Barcelona Sant Marti op 6th"]
[Site "Barcelona"]
[Date "2017.02.23"]
[Round "7"]
[White "Morales Montalban, Miguel"]
[Black "Flores de Paco, David"]
[Result "0-1"]
[WhiteElo "2122"]
[BlackElo "2094"]
[PlyCount "82"]
[EventDate "2017.01.12"]
[EventType "swiss"]
[EventRounds "9"]
[EventCountry "ESP"]
[SourceTitle "EXT 2018"]
[Source "ChessBase"]
[SourceDate "2017.10.13"]
[SourceVersion "1"]
[SourceVersionDate "2017.10.13"]
[SourceQuality "1"]

1. c4 b6 2. Nc3 Bb7 3. d4 e6 4. Nf3 Bb4 5. Qc2 f5 6. a3 Bxc3+ 7. Qxc3 d6 8. d5 e5 9. g3 Nf6 10. Bh3 Ne4 11. Qc2 Qf6 12. Nd2 Nxd2 13. Bxd2 0-0 14. f4 Nd7 15. 0-0 e4 16. b4 Qh6 17. Bg2 Nf6 18. e3 Rae8 19. Qc3 b5 20. cxb5 Re7 21. Qd4 Ra8 22. Rfd1 Bxd5 23. Bc3 Bf7 24. Rac1 Qh5 25. Rd2 Bb3 26. Bb2 Qe8 27. Bf1 Qf7 28. Rc3 Be6 29. Rdc2 Nd5 30. Rc6 Nb6 31. Qd2 Bd5 32. Bd4 Bxc6 33. Bxb6 Bd5 34. Rxc7 Rxc7 35. Bxc7 Bc4 36. Qd4 Bxf1 37. Kxf1 Rc8 38. Bxd6 Rc1+ 39. Kg2 Rc2+ 40. Kf1 Qa2 41. Qd1 Rxh2 0-1

[Event "Barcelona Sant Marti op 6th"]
[Site "Barcelona"]
[Date "2017.02.16"]
[Round "6"]
[White "Munoz Pantoja, Miguel Angel"]
[Black "Morales Montalban, Miguel"]
[Result "1-0"]
[WhiteElo "2486"]
[BlackElo "2122"]
[PlyCount "89"]
[EventDate "2017.01.12"]
[EventType "swiss"]
[EventRounds "9"]
[EventCountry "ESP"]
[SourceTitle "EXT 2018"]
[Source "ChessBase"]
[SourceDate "2017.10.13"]
[SourceVersion "1"]
[SourceVersionDate "2017.10.13"]
[SourceQuality "1"]

1. e4 c6 2. Nc3 d5 3. Nf3 Bg4 4. Be2 e6 5. 0-0 dxe4 6. Nxe4 Nd7 7. d4 Ngf6 8. Nfg5 Nxe4 9. Nxe4 Bxe2 10. Qxe2 Be7 11. Rd1 0-0 12. c4 Nf6 13. Ng5 Qa5 14. Nf3 Qh5 15. b3 Rfe8 16. Bb2 Rad8 17. Rd3 Bd6 18. h3 Nd7 19. Rad1 Qa5 20. a3 Nf8 21. g3 Ng6 22. h4 Qh5 23. Qe3 Qg4 24. Nh2 Qh3 25. Qe4 f5 26. Qg2 Qxg2+ 27. Kxg2 Be7 28. h5 Nf8 29. f4 Bf6 30. g4 c5 31. g5 Bxd4 32. Bxd4 Rxd4 33. Rxd4 cxd4 34. Rxd4 Kf7 35. c5 Ke7 36. Rb4 Rb8 37. c6 b6 38. Nf3 Kd6 39. Ne5 Rc8 40. Ra4 Rc7 41. Kf3 a5 42. Rd4+ Ke7 43. Ke3 Rc8 44. Kd3 Rc7 45. Kc4 1-0

[Event "Barcelona Sant Marti op 6th"]
[Site "Barcelona"]
[Date "2017.02.09"]
[Round "5"]
[White "Morales Montalban, Miguel"]
[Black "Valarezo Ricard, Pedro"]
[Result "1-0"]
[WhiteElo "2122"]
[BlackElo "1891"]
[PlyCount "107"]
[EventDate "2017.01.12"]
[EventType "swiss"]
[EventRounds "9"]
[EventCountry "ESP"]
[SourceTitle "EXT 2018"]
[Source "ChessBase"]
[SourceDate "2017.10.13"]
[SourceVersion "1"]
[SourceVersionDate "2017.10.13"]
[SourceQuality "1"]

1. d4 d5 2. Nf3 Bf5 3. c4 e6 4. Nc3 c6 5. cxd5 exd5 6. Bg5 Qb6 7. Qd2 Nd7 8. a3 h6 9. Bh4 Bd6 10. e3 Ngf6 11. Bxf6 Nxf6 12. Be2 0-0 13. 0-0 Rfe8 14. b4 Ne4 15. Nxe4 Bxe4 16. Bd3 Re6 17. Ne1 Qc7 18. f4 Rae8 19. Bxe4 Rxe4 20. Rf3 Qe7 21. Nc2 f5 22. Qf2 b6 23. Rd1 Qe6 24. Qd2 Kh8 25. Qc3 Rc8 26. Qb3 Rc7 27. a4 g5 28. g3 gxf4 29. gxf4 Rg7+ 30. Rg3 Qg8 31. Kf2 Rxg3 32. hxg3 Qg4 33. Rh1 Re6 34. Qb1 Qg7 35. Qd1 Rg6 36. Qf3 Qf7 37. Rd1 Bf8 38. b5 cxb5 39. axb5 Qd7 40. Qe2 Qg7 41. Rg1 Qd7 42. Ne1 Re6 43. Nf3 Bg7 44. Rc1 Qe8 45. Ne5 Bxe5 46. dxe5 Qd7 47. Qd3 Rg6 48. Qd4 Qg7 49. Rg1 Qc7 50. Rd1 Qg7 51. e6 Rxe6 52. Qxd5 Re7 53. Qxf5 Qb2+ 54. Kf3 1-0

[Event "Barcelona Sant Marti op 6th"]
[Site "Barcelona"]
[Date "2017.01.26"]
[Round "3"]
[White "Morales Montalban, Miguel"]
[Black "Costa Trave, Jaume"]
[Result "1/2-1/2"]
[WhiteElo "2122"]
[BlackElo "1826"]
[PlyCount "216"]
[EventDate "2017.01.12"]
[EventType "swiss"]
[EventRounds "9"]
[EventCountry "ESP"]
[SourceTitle "EXT 2018"]
[Source "ChessBase"]
[SourceDate "2017.10.13"]
[SourceVersion "1"]
[SourceVersionDate "2017.10.13"]
[SourceQuality "1"]

1. d4 d5 2. Nf3 Nf6 3. c4 e6 4. Bg5 Bb4+ 5. Nc3 c6 6. Qa4 Qa5 7. Qxa5 Bxa5 8. Bxf6 gxf6 9. e3 a6 10. Rc1 Rg8 11. Nd2 Nd7 12. cxd5 cxd5 13. Nb3 Bb4 14. a3 Bd6 15. g3 b6 16. Bg2 f5 17. 0-0 Bb7 18. Rc2 Ke7 19. Rfc1 Rac8 20. Nd2 Rcd8 21. b4 Rg7 22. Rb1 Rdg8 23. Re1 b5 24. Nb3 Nb6 25. Nc5 Bc8 26. Ra2 h5 27. a4 bxa4 28. N3xa4 Nxa4 29. Rxa4 h4 30. Rb1 hxg3 31. hxg3 f4 32. exf4 Bxf4 33. Rb3 Bd6 34. Kf1 f5 35. Bf3 Bxc5 36. bxc5 Kf6 37. Rb6 f4 38. g4 Kg5 39. Be2 Rh7 40. Bf3 Rc7 41. Ra1 Re8 42. Kg2 e5 43. dxe5 Rxe5 44. c6 Bxg4 45. Raxa6 Bxf3+ 46. Kxf3 Re6 47. Ra5 Rcxc6 48. Rxc6 Rxc6 49. Rxd5+ Kf6 50. Kxf4 Rc4+ 51. Kf3 Ke6 52. Ra5 Kf6 53. Kg3 Rb4 54. f3 Rc4 55. Ra6+ Kf5 56. Ra5+ Kf6 57. Ra8 Rc1 58. Rf8+ Kg7 59. Ra8 Kf6 60. Kf4 Rc4+ 61. Ke3 Rc3+ 62. Ke4 Rc4+ 63. Kd3 Rb4 64. Ke3 Rb3+ 65. Kf4 Rb4+ 66. Kg3 Rb1 67. Re8 Rb3 68. Kf4 Rb5 69. Rf8+ Kg7 70. Re8 Kf6 71. Rf8+ Kg7 72. Rd8 Kf6 73. Rd6+ Ke7 74. Ra6 Kf7 75. Kg4 Rd5 76. f4 Rb5 77. Rc6 Ra5 78. Rd6 Rb5 79. Kf3 Ke7 80. Rd4 Kf6 81. Ke4 Rb1 82. Rd6+ Ke7 83. Ra6 Kf7 84. Ra5 Kf6 85. Ra6+ Kf7 86. Ke5 Rb5+ 87. Ke4 Rb4+ 88. Kf5 Rb5+ 89. Kg4 Rb1 90. Kg5 Rb7 91. Rf6+ Kg7 92. Rg6+ Kf7 93. Rh6 Kg7 94. Rd6 Kf7 95. Rf6+ Kg7 96. Rc6 Kf7 97. f5 Ra7 98. Rh6 Kg7 99. f6+ Kg8 100. Rg6+ Kf8 101. Rh6 Kg8 102. Rh2 Ra1 103. Rd2 Rg1+ 104. Kf5 Rf1+ 105. Ke6 Re1+ 106. Kd7 Kf7 107. Rf2 Re6 108. Rh2 Rxf6 1/2-1/2

[Event "Barcelona Sant Marti op 6th"]
[Site "Barcelona"]
[Date "2017.01.19"]
[Round "2"]
[White "Albert Estebanez, Carles"]
[Black "Morales Montalban, Miguel"]
[Result "0-1"]
[WhiteElo "1751"]
[BlackElo "2122"]
[PlyCount "114"]
[EventDate "2017.01.12"]
[EventType "swiss"]
[EventRounds "9"]
[EventCountry "ESP"]
[SourceTitle "EXT 2018"]
[Source "ChessBase"]
[SourceDate "2017.10.13"]
[SourceVersion "1"]
[SourceVersionDate "2017.10.13"]
[SourceQuality "1"]

1. e4 e6 2. d3 d5 3. Nd2 c5 4. Ngf3 Nc6 5. g3 Bd6 6. Bg2 Nge7 7. 0-0 d4 8. a4 e5 9. Nc4 f6 10. Ne1 Be6 11. b3 Qd7 12. f4 Bc7 13. fxe5 Nxe5 14. Nf3 N7g6 15. Nfxe5 Nxe5 16. Nxe5 Bxe5 17. Bf4 Qd6 18. Qd2 0-0 19. Rf2 b6 20. Raf1 a6 21. Bxe5 fxe5 22. Rxf8+ Rxf8 23. Rxf8+ Qxf8 24. Qg5 Qf6 25. Qxf6 gxf6 26. Bf3 Kf8 27. Kf2 Ke7 28. g4 Kd6 29. h3 b5 30. axb5 axb5 31. Be2 Kc6 32. Ke1 Kb6 33. Kd2 Ka5 34. Kc1 Kb4 35. Kd2 Bf7 36. Bf1 Bg6 37. Be2 c4 38. bxc4 bxc4 39. Bf1 c3+ 40. Kc1 Kc5 41. Kd1 Be8 42. Be2 Ba4 43. Kc1 Kd6 44. Bf1 Ke7 45. Be2 Kf7 46. Bf1 Bd7 47. Be2 h5 48. gxh5 Bxh3 49. Kd1 Kg7 50. Ke1 Kh6 51. Kf2 Kg5 52. Kg3 Bd7 53. h6 Kxh6 54. Bg4 Ba4 55. Bd1 Kg5 56. Kg2 Kf4 57. Kf2 Bd7 0-1